| 000 | 01321nam a22003737a 4500 | ||
|---|---|---|---|
| 003 | CHAP | ||
| 005 | 20220329140754.0 | ||
| 008 | 971013s1979 r 00010 d | ||
| 010 | _a57363 | ||
| 011 | _a58335 | ||
| 035 | _a62490 | ||
| 040 | _cCHAP | ||
| 090 | _aTesis | ||
| 100 | 0 | 0 |
_aSoni García, Carlos Raúl. _9108563 |
| 245 | _aPrueba de diferentes niveles de nitrógeno, fósfora y potasio en sorgo para grano en General Treviño, N.L. | ||
| 260 |
_aMonterrey, N.L. : _bEl autor, _c1979 |
||
| 300 | _a34 h. | ||
| 502 | _aTesis (Ing. Agr. Fitotecnista) -- Univ. Autónoma de Nuevo León. Fac. de Agronomía | ||
| 590 |
_aALEPH _b10 _c20130110 _lUCH01 _h1335 |
||
| 590 |
_aBATCH-UPD _b10 _c20130110 _lUCH01 _h0011 |
||
| 590 |
_aBATCH-UPD _b10 _c20130110 _lUCH01 _h0639 |
||
| 590 |
_aBATCH-UPD _b10 _c20130409 _lUCH01 _h1948 |
||
| 590 |
_aBATCH-UPD _b10 _c20130410 _lUCH01 _h0323 |
||
| 590 |
_aBATCH-UPD _b10 _c20130914 _lUCH01 _h1426 |
||
| 590 |
_aCONVERSION _b10 _c20130109 _lUCH01 _h1331 |
||
| 650 | 1 | 4 |
_aFertilizantes _xEfecto en sorgo. _940551 |
| 650 | 1 | 4 |
_aFósforo _xEfecto en sorgo. _942254 |
| 650 | 1 | 4 |
_aNitrógeno _xEfecto en sorgo. _981461 |
| 650 | 1 | 4 |
_aPotasio _xEfecto en sorgo. _991113 |
| 650 | 1 | 4 |
_aSorgo _xRendimiento. _9108714 |
| 901 | _aBK | ||
| 942 | _cTESIS | ||
| 949 |
_bBC _cTES _d-133920 _eTS1 _i62490 _si |
||
| 999 |
_c57363 _d57363 |
||